[Event "N4 E.aubois Rethel"]
[Site "?"]
[Date "2015.12.06"]
[Round "3"]
[White "Sohier, Renaud"]
[Black "Guyot, Philippe"]
[Result "0-1"]
[WhiteElo "2042"]
[BlackElo "1977"]
[PlyCount "88"]
[EventDate "2013.01.13"]
[SourceDate "2015.12.06"]

1. d4 Nf6 2. c4 e5 3. d5 Bc5 4. Nc3 O-O 5. a3 a5 6. Qc2 d6 7. e3 c6 8. Bd3 Na6
9. dxc6 bxc6 10. Ne4 h6 11. Bd2 Bb7 12. Nxf6+ Qxf6 13. Ne2 Bb6 14. Ng3 Nc5 15.
O-O a4 16. Bc3 Rfd8 17. f4 Qe6 18. Bh7+ Kh8 19. fxe5 dxe5 20. Nh5 Nb3 21. Rae1
Ba5 22. Rf3 Bxc3 23. bxc3 c5 24. Rg3 Rd2 25. Qb1 g6 26. Bxg6 fxg6 27. Qxg6 Qxg6
28. Rxg6 Ra6 29. Rg7 Be4 30. Rf1 Ra8 31. Rf6 Rxg2+ 32. Rxg2 Bxg2 33. Kxg2 Kh7
34. Rd6 Na5 35. Nf6+ Kg7 36. Nd7 Nxc4 37. Rc6 Nxa3 38. Nxe5 Nc2 39. Rg6+ Kh7
40. Re6 a3 41. Re7+ Kg8 42. Kf3 a2 43. Kg4 a1=Q 44. Kh5 Nxe3 0-1

[Event "N4 E.aubois Rethel"]
[Site "?"]
[Date "2015.12.06"]
[Round "3"]
[White "Hascher, Nicolas"]
[Black "Noizet, Donatien"]
[Result "1/2-1/2"]
[WhiteElo "1971"]
[BlackElo "1953"]
[PlyCount "54"]
[EventDate "2013.01.13"]
[SourceDate "2015.12.06"]

1. d4 d5 2. Nf3 Nf6 3. c4 dxc4 4. Nc3 c6 5. a4 e6 6. e4 Bb4 7. e5 Nd5 8. Qc2
Bxc3+ 9. bxc3 Qa5 10. Bd2 b5 11. Be2 Nb6 12. O-O Nxa4 13. Bxc4 bxc4 14. Rxa4
Qc7 15. Bc1 Nd7 16. Ba3 c5 17. Nd2 O-O 18. Nxc4 a5 19. Rb1 Bb7 20. Bxc5 Nxc5
21. dxc5 Bc6 22. Raa1 Bd5 23. Nb6 Rad8 24. c4 Qxc5 25. Rb5 Qd4 26. Rd1 Qxd1+
27. Qxd1 Bxc4 1/2-1/2

[Event "N4 E.aubois Rethel"]
[Site "?"]
[Date "2015.12.06"]
[Round "3"]
[White "Bohr, frederic"]
[Black "Roussel, julien"]
[Result "0-1"]
[WhiteElo "1420"]
[BlackElo "1775"]
[PlyCount "87"]
[EventDate "2013.01.13"]
[SourceDate "2015.12.06"]

1. e4 d6 2. d4 Nf6 3. Nc3 c6 4. Nf3 g6 5. Be2 Bg7 6. O-O b5 7. a3 a5 8. Bf4 Bb7
9. e5 dxe5 10. dxe5 Nfd7 11. Qd2 O-O 12. Rfd1 Qb6 13. Bh6 Nc5 14. Bxg7 Kxg7 15.
Qe3 Nbd7 16. Ne4 Rfd8 17. Nxc5 Qxc5 18. Qxc5 Nxc5 19. Rd2 Rxd2 20. Nxd2 Rd8 21.
Rd1 Na4 22. Nb3 Rxd1+ 23. Bxd1 Nxb2 24. Nxa5 Nxd1 25. Nxb7 Nb2 26. Na5 c5 27.
f4 f6 28. e6 f5 29. Nb3 Na4 30. Kf2 Kf6 31. Ke3 Kxe6 32. Kd3 c4+ 33. Kd4 cxb3
34. cxb3 Nb2 35. Kc5 Nd3+ 36. Kxb5 Nxf4 37. g3 Nd5 38. Kc6 g5 39. a4 f4 40.
gxf4 gxf4 41. a5 f3 42. a6 Nb4+ 43. Kb6 Nxa6 44. Kxa6 0-1

[Event "N4 E.aubois Rethel"]
[Site "?"]
[Date "2015.12.06"]
[Round "3"]
[White "Roussel, Jean-Marc"]
[Black "Lhoest, Alain"]
[Result "0-1"]
[WhiteElo "1707"]
[BlackElo "1598"]
[PlyCount "64"]
[EventDate "2013.01.13"]
[SourceDate "2015.12.06"]

1. d4 Nf6 2. Nf3 e6 3. Bf4 d5 4. h3 Bd6 5. Bxd6 Qxd6 6. Qd3 O-O 7. Nc3 a6 8. e3
Nbd7 9. g3 b5 10. Bg2 Bb7 11. O-O c5 12. dxc5 Nxc5 13. Qe2 b4 14. Nd1 a5 15.
Qd2 Ba6 16. Re1 Nce4 17. Qc1 Rac8 18. Bf1 Bxf1 19. Rxf1 Nxg3 20. Re1 Nge4 21.
c3 e5 22. Qc2 Rfe8 23. Qd3 bxc3 24. Nxc3 Nxc3 25. bxc3 e4 26. Qe2 exf3 27. Qxf3
Rxc3 28. Red1 Qe5 29. Rd4 Qxd4 30. exd4 Rxf3 31. Kg2 Rd3 32. Rb1 Rxd4 0-1

[Event "N4 E.aubois Rethel"]
[Site "?"]
[Date "2015.12.06"]
[Round "3"]
[White "Noizet, Regis"]
[Black "Moine, Patrick"]
[Result "0-1"]
[WhiteElo "1621"]
[BlackElo "1811"]
[PlyCount "86"]
[EventDate "2013.01.13"]
[SourceDate "2015.12.06"]

1. d4 d5 2. c4 e6 3. Nc3 Nf6 4. cxd5 exd5 5. g3 c6 6. Bg2 Bf5 7. Nf3 h6 8. a3
Bd6 9. b4 O-O 10. Bb2 Nbd7 11. O-O Re8 12. Rc1 a6 13. Na4 Bc7 14. Nc5 Nxc5 15.
dxc5 Nd7 16. e3 Ne5 17. Nxe5 Bxe5 18. Bxe5 Rxe5 19. Qd2 Qe7 20. Rc3 Re8 21.
Rfc1 Be4 22. Qd1 Bxg2 23. Kxg2 Re4 24. Rd3 Qg5 25. Rc2 h5 26. Rcd2 h4 27. Rd4
hxg3 28. hxg3 f5 29. Qf3 Rf8 30. Rd1 Qg6 31. R1d2 Rf6 32. Qd1 Qe8 33. a4 g5 34.
Qc2 Qh5 35. Qd1 g4 36. Qh1 Qg6 37. Kf1 Rf7 38. Ke2 Qf6 39. Kd3 Qg5 40. f4 gxf3
41. Qxf3 Rfe7 42. Re2 Kg7 43. Kd2 Rxd4+ 0-1

[Event "N4 E.aubois Rethel"]
[Site "?"]
[Date "2015.12.06"]
[Round "3"]
[White "Brun, Franck"]
[Black "Monceau, Etienne"]
[Result "1-0"]
[WhiteElo "1825"]
[BlackElo "1724"]
[PlyCount "83"]
[EventDate "2013.01.13"]
[SourceDate "2015.12.06"]

1. e4 e6 2. d4 d5 3. exd5 exd5 4. Nf3 Bd6 5. c4 c6 6. c5 Bc7 7. Be2 Ne7 8. O-O
O-O 9. Bg5 f6 10. Bh4 Ng6 11. Bg3 Bf5 12. Bxc7 Qxc7 13. Nbd2 Nd7 14. Re1 Rfe8
15. Nf1 Nf4 16. Ne3 Bg6 17. Nh4 b6 18. b4 Nxe2+ 19. Qxe2 a5 20. a3 bxc5 21.
bxc5 Qf4 22. Nxg6 hxg6 23. Qd2 Qc7 24. Rab1 Rab8 25. g3 Rxb1 26. Rxb1 Rb8 27.
Rxb8+ Nxb8 28. Nd1 Kf7 29. Qd3 Qb7 30. Kg2 Qa6 31. Qd2 Nd7 32. Qf4 Nf8 33. Qc7+
Kg8 34. Qb6 Qxb6 35. cxb6 Nd7 36. b7 Kf7 37. Nc3 Ke7 38. Na4 Nb8 39. Nc5 g5 40.
Kf3 f5 41. h4 Kf6 42. a4 1-0

[Event "Epernay/La Tour du Roy"]
[Site "?"]
[Date "2015.12.06"]
[Round "3"]
[White "Crepaux, Jean-Marie"]
[Black "Pytel, Krzysztof"]
[Result "0-1"]
[WhiteElo "1880"]
[BlackElo "2297"]
[PlyCount "110"]
[EventDate "2015.12.06"]
[SourceDate "2015.12.09"]

1. e4 d5 2. exd5 Nf6 3. Bc4 Nxd5 4. Nc3 Nxc3 5. bxc3 g6 6. Nf3 Bg7 7. O-O O-O
8. d4 c5 9. Be3 Nc6 10. Qd2 Qa5 11. Bh6 cxd4 12. Bxg7 Kxg7 13. Nxd4 Ne5 14. Bb3
Qc5 15. Rad1 Bg4 16. f3 Bd7 17. Kh1 Rad8 18. Qe3 b6 19. Rfe1 Nc6 20. Kg1 e6 21.
Kf2 Na5 22. Qe5+ Qxe5 23. Rxe5 Nb7 24. Ree1 Nc5 25. Rd2 Rc8 26. Red1 e5 27. Ne2
Bc6 28. Bd5 Bxd5 29. Rxd5 Rfe8 30. Ng3 f5 31. Ne2 Kf6 32. h4 Ne6 33. g4 Red8
34. Rd7 h6 35. Rxd8 Rxd8 36. Rxd8 Nxd8 37. Ke3 Nb7 38. gxf5 gxf5 39. f4 Nd6 40.
fxe5+ Kxe5 41. Kf3 Ne4 42. Ke3 Nf6 43. Nd4 Nd5+ 44. Kf3 Nxc3 45. Nc6+ Ke6 46.
Nxa7 Nxa2 47. c4 Nc3 48. Nc8 b5 49. cxb5 Nxb5 50. Kf4 Nc3 51. Nb6 Ne2+ 52. Kf3
Nd4+ 53. Kf4 Nc6 54. Nc4 Ne7 55. Kf3 Ng6 0-1

[Event "Epernay/La Tour du Roy"]
[Site "?"]
[Date "2015.12.06"]
[Round "3"]
[White "Halfaoui, Eddine"]
[Black "Durant, Christophe"]
[Result "1/2-1/2"]
[WhiteElo "1993"]
[BlackElo "1848"]
[PlyCount "104"]
[EventDate "2015.12.06"]
[SourceDate "2015.12.09"]

1. d4 Nf6 2. c4 g6 3. Nc3 Bg7 4. Nf3 O-O 5. Bf4 d6 6. e3 Re8 7. Be2 Nbd7 8. O-O
c5 9. d5 Nf8 10. h3 h6 11. Bh2 g5 12. Qc2 Bd7 13. Rad1 Qc8 14. e4 g4 15. hxg4
Nxg4 16. Bg3 Ng6 17. Nh4 N6e5 18. Qd2 Kh7 19. f3 Nxc4 20. Bxc4 Bd4+ 21. Bf2
Nxf2 22. Rxf2 Rg8 23. Kh1 Bxf2 24. Qxf2 Rg5 25. f4 Rh5 26. f5 Qg8 27. Kg1 Qg5
28. Nf3 Qg4 29. Be2 Qf4 30. Bd3 Rg8 31. Ne2 Qg4 32. Nh2 Qg7 33. Nc3 Rg5 34. Bf1
b5 35. Rd2 b4 36. Nd1 Qf6 37. Ne3 h5 38. Nf3 Rg3 39. Kh2 Qh6 40. Nc4 Qf4 41.
Kh1 Bb5 42. Qe3 Qg4 43. b3 Bxc4 44. bxc4 h4 45. Rf2 h3 46. Qe2 hxg2+ 47. Bxg2
Qh5+ 48. Kg1 Qh6 (48... Rh3 $3) 49. Qd2 Qh5 50. Qe2 Qh6 (50... Rh3) 51. Qd2 Qh5
52. Qe2 Qh6 (52... Rh3) 1/2-1/2

[Event "Epernay/La Tour du Roy"]
[Site "?"]
[Date "2015.12.06"]
[Round "3"]
[White "Durant, Marie"]
[Black "Pytel, Bozena"]
[Result "1-0"]
[WhiteElo "1948"]
[BlackElo "1944"]
[PlyCount "55"]
[EventDate "2015.12.06"]
[SourceDate "2015.12.09"]

1. d4 f5 2. Bg5 g6 3. Nf3 Bg7 4. c3 Nf6 5. Qb3 d6 6. Nbd2 c6 7. Bxf6 Bxf6 8. e4
Qc7 9. Bd3 f4 10. O-O e5 11. dxe5 dxe5 12. Rad1 Qe7 13. a4 Nd7 14. Qa2 Nc5 15.
Bc4 Be6 16. b4 Bxc4 17. Nxc4 Nxe4 18. Qc2 Ng5 19. Nxg5 Bxg5 20. Nxe5 O-O 21.
Qb3+ Kh8 22. Rfe1 Qf6 23. Nd7 Qf5 24. Nxf8 Rxf8 25. Qe6 Qc2 26. Rd7 f3 27. Qe5+
Bf6 28. Qxf6+ 1-0

[Event "Epernay/La Tour du Roy"]
[Site "?"]
[Date "2015.12.06"]
[Round "3"]
[White "Prioux, Michel"]
[Black "Leroy, Patrick"]
[Result "0-1"]
[WhiteElo "1768"]
[BlackElo "1926"]
[PlyCount "38"]
[EventDate "2015.12.06"]
[SourceDate "2015.12.09"]

1. c4 Nf6 2. Nc3 c5 3. g3 d5 4. cxd5 Nxd5 5. Bg2 Be6 6. Nf3 Nc6 7. O-O g6 8. e4
Nxc3 9. dxc3 Bg7 10. Ng5 Bc4 11. Re1 O-O 12. Be3 Ne5 13. Qxd8 Rfxd8 14. Red1 b6
15. Nf3 Rxd1+ 16. Rxd1 Be2 17. Rd5 Nxf3+ 18. Kh1 Ne1 19. Bh3 Bf3+ 0-1

[Event "Epernay/La Tour du Roy"]
[Site "?"]
[Date "2015.12.06"]
[Round "3"]
[White "Puech, A."]
[Black "Louis, André"]
[Result "1-0"]
[WhiteElo "1830"]
[BlackElo "1673"]
[PlyCount "113"]
[EventDate "2015.12.06"]
[SourceDate "2015.12.09"]

1. e4 e5 2. Nf3 Nc6 3. Bc4 Nf6 4. Nc3 Be7 5. O-O O-O 6. d3 d6 7. h3 Na5 8. Re1
Nxc4 9. dxc4 c6 10. c5 Qc7 11. cxd6 Bxd6 12. Bg5 Rd8 13. Bxf6 Be7 14. Bxe5 Qb6
15. Qe2 Be6 16. Rad1 f6 17. Bd4 c5 18. Be3 Qxb2 19. Nd5 Rd7 20. c4 Qa3 21. Qd3
Qa6 22. Nxe7+ Rxe7 23. Qd6 Qxd6 24. Rxd6 Bxc4 25. Bxc5 Bxa2 26. Ra1 Rc7 27. Be3
Rc2 28. Rd2 Rxd2 29. Nxd2 Be6 30. Rxa7 Rxa7 31. Bxa7 b5 32. Bc5 Kf7 33. Kf1 Ke8
34. Ke2 Kd7 35. Kd3 Kc6 36. Kd4 h5 37. f4 g6 38. Be7 f5 39. e5 Kb6 40. Bb4 Kc6
41. h4 Bf7 42. Nf3 Bd5 43. Bd6 Ba2 44. Ng5 Bd5 45. g3 Bc4 46. Nh7 Bf7 47. Nf8
Be8 48. Bb4 Kb6 49. Kd5 Kc7 50. Ke6 Kd8 51. Bd6 Bc6 52. Nxg6 Bd7+ 53. Kf6 Ke8
54. Ne7 Kd8 55. Nxf5 b4 56. Bxb4 Bc6 57. Ng7 1-0

[Event "Epernay/La Tour du Roy"]
[Site "?"]
[Date "2015.12.06"]
[Round "3"]
[White "Shaverdashvici"]
[Black "Robert"]
[Result "1-0"]
[WhiteElo "1620"]
[BlackElo "1632"]
[PlyCount "85"]
[EventDate "2015.12.06"]
[SourceDate "2015.12.09"]

1. c4 Nf6 2. Nc3 e6 3. d4 d6 4. e4 c6 5. Nf3 Be7 6. Bd3 Qc7 7. O-O e5 8. h3
Nbd7 9. Be3 O-O 10. Rb1 Re8 11. d5 Nf8 12. Qd2 Bd7 13. Rfc1 Ng6 14. b4 Qc8 15.
Kh2 Nh5 16. Ne2 Bf8 17. dxc6 bxc6 18. c5 dxc5 19. Bxc5 Bxc5 20. Rxc5 Nhf4 21.
Nxf4 Nxf4 22. Nxe5 Nxd3 23. Qxd3 f6 24. Qc4+ Be6 25. Qc3 fxe5 26. Qxe5 Qb8 27.
Qxb8 Raxb8 28. Rb2 Bd7 29. f3 Rb5 30. a4 Rxc5 31. bxc5 a5 32. Rb7 Be6 33. Ra7
Rc8 34. Rxa5 Bc4 35. Ra7 Kf8 36. Kg3 Bb3 37. a5 Bc4 38. h4 Rb8 39. a6 Bf1 40.
Rb7 Rc8 41. a7 Ba6 42. Rb8 Ke7 43. a8=Q 1-0

[Event "Epernay/La Tour du Roy"]
[Site "?"]
[Date "2015.12.06"]
[Round "3"]
[White "Massart, Sylvain"]
[Black "Mondeel, Paul"]
[Result "0-1"]
[WhiteElo "1510"]
[BlackElo "1550"]
[PlyCount "86"]
[EventDate "2015.12.06"]
[SourceDate "2015.12.09"]

1. e4 d6 2. d4 Nf6 3. Nc3 g6 4. h3 Bg7 5. Nf3 O-O 6. g4 a6 7. g5 Ne8 8. h4 Bg4
9. Bh3 Qd7 10. Bxg4 Qxg4 11. Rg1 Qd7 12. h5 e5 13. h6 Bh8 14. d5 b5 15. a3 Qe7
16. Bd2 Nd7 17. Be3 f6 18. Ne2 Nc5 19. Bxc5 dxc5 20. Ng3 fxg5 21. Qe2 Nd6 22.
O-O-O Qf6 23. Nh2 Qxf2 24. Qxf2 Rxf2 25. Ng4 Rf4 26. Ne3 Raf8 27. Ngf5 gxf5 28.
Rxg5+ Kf7 29. exf5 Kf6 30. Rdg1 Re4 31. Kd2 Rh4 32. Rg8 Kf7 33. R1g7+ Bxg7 34.
Rxg7+ Kf6 35. Ng4+ Kxf5 36. Ne3+ Ke4 37. Rg4+ Rxg4 38. Nxg4 Kxd5 39. Kd3 e4+
40. Ke2 Nf5 41. b3 Kd4 42. Kd2 e3+ 43. Ke2 Ng3+ 0-1

[Event "Epernay/La Tour du Roy"]
[Site "?"]
[Date "2015.12.06"]
[Round "3"]
[White "Louis, Vincent"]
[Black "Rames, Vincent"]
[Result "1-0"]
[WhiteElo "1380"]
[BlackElo "1160"]
[PlyCount "49"]
[EventDate "2015.12.06"]
[SourceDate "2015.12.09"]

1. e4 e5 2. Nf3 Nc6 3. Bc4 h6 4. O-O Nf6 5. Nc3 Bb4 6. Re1 d6 7. h3 Qe7 8. Nd5
Nxd5 9. Bxd5 Bd7 10. c3 Ba5 11. d4 O-O-O 12. a4 Bb6 13. Bxc6 Bxc6 14. a5 Bxd4
15. cxd4 exd4 16. Qxd4 f6 17. Qxa7 Rde8 18. Qd4 Qf7 19. a6 b6 20. Bf4 Re6 21.
Qc4 Kd7 22. Rec1 Ba8 23. Qxc7+ Ke8 24. Qc8+ Ke7 25. Rc7# 1-0

[Event "La Tour du Roy/Chaumont"]
[Site "?"]
[Date "2016.01.10"]
[Round "4"]
[White "HALFAOUI, Eddine"]
[Black "RAPINEL, Franck"]
[Result "1/2-1/2"]
[WhiteElo "2006"]
[BlackElo "2120"]
[PlyCount "126"]
[EventDate "2016.01.12"]
[SourceDate "2016.01.12"]

1. d4 d5 2. Nf3 c6 3. g3 Bf5 4. Bg2 e6 5. O-O Nf6 6. c3 Nbd7 7. Nbd2 Be7 8. Re1
Ne4 9. Nxe4 Bxe4 10. Nd2 Bxg2 11. Kxg2 Nf6 12. e4 dxe4 13. Nxe4 Qd5 14. Qf3
Nxe4 15. Qxe4 O-O 16. Bf4 b5 17. b3 Rfd8 18. Qxd5 cxd5 19. Bc7 Rdc8 20. Ba5 Rc6
21. a3 Rac8 22. Reb1 Ra6 23. Bb4 Kf8 24. a4 Bxb4 25. cxb4 bxa4 26. bxa4 Rb6 27.
b5 a6 28. bxa6 Rxa6 29. a5 Rc4 30. Rd1 Rb4 31. Rd2 Ke7 32. Kf3 Kd6 33. Ke3 f6
34. Rc2 Rb3+ 35. Ke2 e5 36. dxe5+ fxe5 37. Rc8 d4 38. Rg8 Rb7 39. Kd3 Rba7 40.
f4 exf4 41. gxf4 Rxa5 42. Rxa5 Rxa5 43. Rxg7 Rh5 44. Kxd4 Rxh2 45. Ke4 Ke6 46.
Rg8 h5 47. Rg6+ Kf7 48. Kf5 Ra2 49. Rf6+ Kg7 50. Rb6 Ra5+ 51. Ke4 h4 52. Kf3
Ra3+ 53. Kg4 h3 54. Rb2 Kg6 55. Rh2 Rb3 56. Rxh3 Rxh3 57. Kxh3 Kf5 58. Kg3 Kf6
59. Kf2 Kf5 60. Ke3 Kf6 61. Kf3 Kf5 62. Ke3 Kf6 63. f5 Kxf5 1/2-1/2

[Event "La Tour du Roy/Chaumont"]
[Site "?"]
[Date "2016.01.10"]
[Round "4"]
[White "PICARD, Serge"]
[Black "LECLERE, Jean-Yves"]
[Result "1-0"]
[WhiteElo "2044"]
[BlackElo "1728"]
[PlyCount "61"]
[EventDate "2016.01.12"]
[SourceDate "2016.01.12"]

1. e4 c5 2. Nf3 d6 3. d4 cxd4 4. Qxd4 Nc6 5. Bb5 e5 6. Qd3 Be7 7. Be3 Nf6 8.
Nc3 O-O 9. O-O Qc7 10. h3 Nb4 11. Qd2 Rd8 12. Nd5 Nbxd5 13. exd5 a6 14. Be2 Bf5
15. c4 Ne4 16. Qb4 Rdc8 17. Bb6 Qd7 18. Nh2 Bg6 19. Rfe1 Nc5 20. Qd2 Ne4 21.
Qd1 Bg5 22. Bg4 f5 23. Rxe4 fxg4 24. Qxg4 Qe7 25. Ree1 Bd3 26. Nf3 Bf6 27. b3
Re8 28. Rad1 Bg6 29. Nd4 Qf7 30. Nf5 Qd7 31. Nh6+ 1-0

[Event "La Tour du Roy/Chaumont"]
[Site "?"]
[Date "2016.01.10"]
[Round "4"]
[White "LOUIS, André"]
[Black "PARISOT, Anthony"]
[Result "0-1"]
[WhiteElo "1663"]
[BlackElo "1829"]
[PlyCount "122"]
[EventDate "2016.01.12"]
[SourceDate "2016.01.12"]

1. e4 c5 2. Nc3 Nc6 3. g3 g6 4. Bg2 Bg7 5. d3 e6 6. f4 Nge7 7. Nf3 O-O 8. O-O
d5 9. Rb1 a6 10. Ne2 b5 11. c3 Bb7 12. Be3 dxe4 13. dxe4 c4 14. Qc2 Qc7 15.
Nfd4 Nxd4 16. Nxd4 e5 17. Nf3 exf4 18. Bxf4 Qc5+ 19. Kh1 Nc6 20. Rbd1 Rad8 21.
Rfe1 Ne5 22. Nxe5 Bxe5 23. Be3 Qc7 24. Qf2 Rxd1 25. Rxd1 Rd8 26. Rxd8+ Qxd8 27.
Bd4 Qe7 28. Qe3 Kg7 29. Kg1 h6 30. Kf1 Qf6+ 31. Ke2 Qe6 32. Bxe5+ Qxe5 33. Qd4
Qxd4 34. cxd4 f5 35. Ke3 fxe4 36. Bxe4 Bxe4 37. Kxe4 Kf7 38. d5 Ke7 39. Ke5 Kd7
40. h3 Kc7 41. g4 g5 42. d6+ Kd7 43. Kd5 Kd8 44. a4 c3 45. bxc3 bxa4 46. Kc4 a3
47. Kb3 a2 48. Kxa2 Kd7 49. Kb3 Kxd6 50. Kb4 Kc6 51. Ka5 Kc5 52. Kxa6 Kc4 53.
Kb6 Kxc3 54. Kc6 Kd3 55. Kd6 Ke3 56. Ke6 Kf3 57. Kf6 Kg3 58. Kg6 Kxh3 59. Kxh6
Kxg4 60. Kg6 Kf4 61. Kh5 g4 0-1

[Event "La Tour du Roy/Chaumont"]
[Site "?"]
[Date "2016.01.10"]
[Round "4"]
[White "FAUCHART, François"]
[Black "DA COSTA, Manuel"]
[Result "0-1"]
[WhiteElo "1686"]
[BlackElo "1887"]
[PlyCount "116"]
[EventDate "2016.01.12"]
[SourceDate "2016.01.12"]

1. d4 Nf6 2. Nf3 g6 3. Bf4 Bg7 4. e3 d6 5. c3 Nbd7 6. Nbd2 Nb6 7. h3 Bf5 8. Be2
O-O 9. O-O Rc8 10. Nh4 Bd7 11. Re1 h6 12. Bh2 g5 13. Nhf3 c5 14. dxc5 Rxc5 15.
Nd4 e5 16. N4b3 Rc8 17. Bf3 Bc6 18. Na5 Qe7 19. Nxc6 bxc6 20. Be2 d5 21. Ba6
Rcd8 22. Qc2 e4 23. Nb3 Nfd7 24. Na5 Qe6 25. Nb7 Rc8 26. Bd6 Rfe8 27. Bh2 Be5
28. Bxe5 Qxe5 29. Na5 Rc7 30. Nb3 c5 31. Bb5 Re7 32. Na5 Nb8 33. Be2 d4 34. Nc4
Nxc4 35. Bxc4 d3 36. Qd2 Kg7 37. a3 Nd7 38. Bb3 c4 39. Bd1 Nc5 40. a4 a5 41.
Rf1 f5 42. f4 exf3 43. Rxf3 Ne4 44. Qe1 Rb7 45. Ra2 Rb6 46. h4 Reb7 47. hxg5
hxg5 48. Qf1 Rh6 49. Rh3 Rxh3 50. gxh3 Qg3+ 51. Qg2 Qxe3+ 52. Kh2 Qf2 53. b3
Qf4+ 54. Kg1 cxb3 55. Rb2 Qc1 56. Kh2 Qxd1 57. Rf2 Kg6 58. Rf4 Qe2 0-1

[Event "La Tour du Roy/Chaumont"]
[Site "?"]
[Date "2016.01.10"]
[Round "4"]
[White "MASERA, Michel"]
[Black "SHAVERDASHVILI, Irakli"]
[Result "1-0"]
[WhiteElo "1632"]
[BlackElo "1856"]
[PlyCount "105"]
[EventDate "2016.01.12"]
[SourceDate "2016.01.12"]

1. d4 d5 2. c4 e6 3. Nc3 Nf6 4. cxd5 exd5 5. Bg5 c6 6. Qc2 Be7 7. e3 Be6 8. Bd3
h6 9. Bf4 Nbd7 10. h3 Qb6 11. Nf3 c5 12. O-O c4 13. Bf5 O-O 14. Rab1 Qc6 15.
Rfd1 Rae8 16. a4 a6 17. Rbc1 Bb4 18. Bxe6 Qxe6 19. Ne5 Bxc3 20. Qxc3 Ne4 21.
Qc2 b5 22. axb5 axb5 23. f3 Nef6 24. e4 Ra8 25. Ra1 Nb6 26. Bd2 Nfd7 27. Nxd7
Qxd7 28. e5 f6 29. f4 f5 30. Bb4 Rfc8 31. Re1 Qe6 32. Ra5 Rxa5 33. Bxa5 Na4 34.
b3 cxb3 35. Qxb3 Rc4 36. Qxb5 Rxd4 37. Ra1 Rxf4 38. Rxa4 Qxe5 39. Rxf4 Qxf4 40.
Qxd5+ Kh7 41. Bd2 Qe4 42. Qxe4 fxe4 43. Kf2 Kg6 44. g4 h5 45. Bf4 hxg4 46. hxg4
Kf6 47. Ke3 g6 48. Kxe4 Ke6 49. Bg5 Kf7 50. Ke5 Kg7 51. Ke6 Kg8 52. Kf6 Kh7 53.
Bf4 1-0

[Event "La Tour du Roy/Chaumont"]
[Site "?"]
[Date "2016.01.12"]
[Round "?"]
[White "LEHMANN, Kevin"]
[Black "MONDEEL, Paul"]
[Result "1-0"]
[WhiteElo "1350"]
[BlackElo "1533"]
[PlyCount "59"]
[EventDate "2016.01.12"]
[SourceDate "2016.01.12"]

1. e4 d6 2. Nf3 Nf6 3. Nc3 g6 4. Bc4 Bg7 5. d3 O-O 6. Bg5 c6 7. a3 Nbd7 8. Qd2
b5 9. Ba2 Bb7 10. O-O e5 11. Rab1 Qc7 12. Rfe1 a5 13. Ne2 d5 14. exd5 cxd5 15.
Bh6 e4 16. Bxg7 Kxg7 17. Nfd4 Ng4 18. Qf4 Qxf4 19. Nxf4 Nc5 20. dxe4 dxe4 21.
Nxb5 Rad8 22. Rbd1 e3 23. f3 g5 24. Nh3 (24. Nh5+ Kg6 25. fxg4) 24... e2 25.
Rxd8 Rxd8 26. fxg4 Rd1 27. Kf2 Bxg2 28. Nxg5 Bf1 29. Nc3 Rd2 30. Nxe2 1-0

[Event "La Tour du Roy/Chaumont"]
[Site "?"]
[Date "2016.01.10"]
[Round "4"]
[White "LOUIS, Catherine"]
[Black "LOUOT"]
[Result "1-0"]
[WhiteElo "1380"]
[BlackElo "1371"]
[PlyCount "121"]
[EventDate "2016.01.12"]
[SourceDate "2016.01.12"]

1. e4 e5 2. Nf3 Nc6 3. Bb5 Bc5 4. O-O d6 5. h3 Qf6 6. d3 Nge7 7. Nc3 Bd7 8. Kh2
O-O-O 9. Nd5 Nxd5 10. exd5 Nd4 11. Bxd7+ Rxd7 12. Nxd4 Bxd4 13. Qg4 h5 14. Qg5
Qxg5 15. Bxg5 Bxb2 16. Rab1 Bd4 17. c4 f6 18. Be3 Bxe3 19. fxe3 Re7 20. e4 Rf8
21. Rf3 g5 22. Rf5 h4 23. Rbf1 Ref7 24. a4 c6 25. dxc6 bxc6 26. Rb1 Rb7 27.
Rff1 Rxb1 28. Rxb1 f5 29. Rf1 f4 30. Rf2 Rf7 31. c5 dxc5 32. Rc2 Kc7 33. Rxc5
Kd6 34. Ra5 Rb7 35. Kg1 Rc7 36. Kf2 c5 37. Ra6+ Kd7 38. Kf3 Rb7 39. Kg4 Kc8 40.
Kxg5 Rg7+ 41. Rg6 Rd7 42. Rc6+ Kb7 43. Rxc5 Rxd3 44. Rxe5 Rg3+ 45. Kxf4 Rxg2
46. Rh5 Ra2 47. a5 Kc6 48. Kg4 Ra4 49. Kf4 Kd6 50. a6 Kc6 51. Rh6+ Kb5 52. Kf5
Ra3 53. Rxh4 Rxa6 54. e5 Rc6 55. e6 Rc5+ 56. Kf6 Rc8 57. e7 a5 58. Kf7 a4 59.
Rxa4 Kxa4 60. e8=Q+ Rxe8 61. Kxe8 1-0

[Event "N4 Blagny / Reims"]
[Site "?"]
[Date "2016.01.10"]
[Round "4.1"]
[White "Fourcart, Marc"]
[Black "Massart, Jeremy"]
[Result "1/2-1/2"]
[WhiteElo "1696"]
[BlackElo "1972"]
[PlyCount "33"]
[EventDate "2016.01.10"]
[SourceDate "2016.01.10"]

1. d4 Nf6 2. Nf3 c5 3. e3 e6 4. b3 Be7 5. Bb2 d6 6. Bd3 Nbd7 7. O-O b6 8. Nbd2
Bb7 9. c4 Qc7 10. e4 cxd4 11. Nxd4 O-O 12. Rc1 Rac8 13. Bb1 Qb8 14. f4 Rfd8 15.
Qe2 Bf8 16. N2f3 d5 17. e5 1/2-1/2

[Event "N4 Blagny / Reims"]
[Site "?"]
[Date "2016.01.10"]
[Round "4.2"]
[White "Jouniaux, Quentin"]
[Black "Hanot Wilfried"]
[Result "0-1"]
[WhiteElo "1860"]
[BlackElo "1792"]
[Annotator ",Marc"]
[PlyCount "112"]
[EventDate "2016.01.10"]
[SourceDate "2016.01.10"]

1. d4 Nf6 2. Nf3 g6 3. c4 c5 4. d5 b5 5. cxb5 a6 6. Nc3 axb5 7. Nxb5 Qa5+ 8.
Nc3 Ne4 9. Qd3 Nxc3 10. Bd2 Bg7 11. Bxc3 Bxc3+ 12. Qxc3 Qxc3+ 13. bxc3 Ba6 14.
Nd2 d6 15. c4 Nd7 16. e4 O-O 17. Bd3 Rfb8 18. O-O Rb2 19. Rfd1 Ne5 20. Be2 Rc2
21. f4 Nxc4 22. Bxc4 Bxc4 23. Rdc1 Rxd2 24. Rxc4 Raxa2 25. Rxa2 Rxa2 26. h4 h5
27. Kh2 Rb2 28. Rc3 Rb4 29. Re3 Rd4 30. Kg3 Kg7 31. Kf3 {
proposition de nul proposition de nul} e6 32. e5 Rxd5 33. exd6 Rxd6 34. g4
hxg4+ 35. Kxg4 Rd5 36. Re2 Kf6 37. Rc2 e5 38. fxe5+ Rxe5 39. Rb2 Re4+ 40. Kg3
c4 41. Rh2 Re3+ 42. Kf4 Rb3 43. h5 Rb8 44. hxg6 fxg6 45. Ke3 Rc8 46. Kd2 g5 47.
Rf2+ Ke5 48. Rf7 g4 49. Rf1 Ke4 50. Rf7 c3+ 51. Kc2 Ke3 52. Rf6 g3 53. Rg6 Kf2
54. Rg7 g2 55. Rf7+ Kg1 56. Rh7 Rf8 0-1

[Event "N4 Blagny / Reims"]
[Site "?"]
[Date "2016.01.10"]
[Round "4.3"]
[White "Evrard, Jean Luc"]
[Black "Magnier, Christophe"]
[Result "0-1"]
[WhiteElo "1655"]
[BlackElo "1786"]
[Annotator ",Marc"]
[PlyCount "90"]
[EventDate "2016.01.10"]
[SourceDate "2016.01.10"]

1. e4 e5 2. Nf3 Nc6 3. d4 exd4 4. Nxd4 d5 5. Nxc6 bxc6 6. exd5 Qxd5 7. Qxd5
cxd5 8. Bb5+ Bd7 9. Bxd7+ Kxd7 10. Nc3 (10. O-O) 10... Re8+ 11. Kd1 Nf6 12. f3
d4 13. Ne2 c5 14. Bg5 Nd5 15. Ng3 g6 16. Ne4 Re5 17. Re1 f5 18. Ng3 (18. Nxc5+)
18... Rxe1+ 19. Kxe1 Bd6 20. Nf1 Rb8 21. b3 Re8+ 22. Kd2 Bf4+ 23. Bxf4 Nxf4 24.
g3 Re2+ 25. Kd1 Rf2 26. Ke1 Nh3 27. Rd1 Rxc2 28. b4 Kc6 29. a4 cxb4 30. Rxd4
Kc5 31. Rd7 Kb6 32. Nd2 Rc7 33. Rd4 Ka5 34. f4 Kxa4 35. Kf1 Rc1+ 36. Kg2 Ng1
37. Rd7 a5 38. Rd3 Ne2 39. Kf3 Nc3 40. Nc4 Ne4 41. Nb2+ Kb5 42. Rd5+ Rc5 43.
Rxc5+ Nxc5 44. Ke3 a4 45. Kd2 a3 0-1

[Event "N4 Blagny / Reims"]
[Site "?"]
[Date "2016.01.10"]
[Round "4.4"]
[White "Barat, Jacques"]
[Black "Beaudiot, Alain"]
[Result "1/2-1/2"]
[WhiteElo "1753"]
[BlackElo "1565"]
[PlyCount "47"]
[EventDate "2016.01.10"]
[SourceDate "2016.01.10"]

1. d4 d5 2. Bf4 Nf6 3. Nf3 e6 4. e3 c5 5. c3 a6 6. Bd3 Nc6 7. Nbd2 Bd6 8. Bxd6
Qxd6 9. O-O O-O 10. Re1 e5 11. dxc5 Qxc5 12. Be2 b5 13. b4 Qe7 14. Nb3 Rd8 15.
Qc2 g6 16. Rad1 Bf5 17. Qb2 Rac8 18. Nc5 Ra8 19. Nd2 Nd7 20. Ndb3 Nf6 21. h3 e4
22. g4 Bc8 23. Nd4 Ne5 24. Qb3 1/2-1/2

[Event "N4 Blagny / Reims"]
[Site "?"]
[Date "2016.01.10"]
[Round "4.5"]
[White "Chebridon, Jean Louis"]
[Black "Chanteux, Josselin"]
[Result "0-1"]
[WhiteElo "1620"]
[BlackElo "1591"]
[PlyCount "32"]
[EventDate "2016.01.10"]
[SourceDate "2016.01.10"]

1. b3 e5 2. Bb2 Nc6 3. e3 d5 4. Bb5 Bd6 5. Nf3 Qe7 6. O-O Bg4 7. Be2 Nf6 8. g3
h5 9. d3 e4 10. Nd4 Bh3 11. Nxc6 bxc6 12. Re1 h4 13. Bf1 Qe6 14. f4 hxg3 15.
hxg3 Bxf1 16. Kxf1 Qh3+ 0-1